Animated Movies - Sudden Death - Statistics

General Stats
  • This quiz has been taken 738 times
  • The average score is 11 of 15
Answers on the Grid
Answers color-coded by a green-red scale on the quiz's grid according to % correct below.
Minions
Guardians of the Galaxy
Swiss Family Robinson
An American Tail
Wall•E
The Goonies
Cinderella
Honey, I Shrunk the Kids
Spider-man: Into the Spider-Verse
The Fast and the Furious
The Nightmare Before Christmas
Shrek
Star Wars: A New Hope
Jumanji
Aladdin
Willy Wonka and the Chocolate Factory
Ted
Spirited Away
Casablanca
West Side Story
Sausage Party
The Lion King
Treasure Island
Monsters, Inc.
Chicken Run
101 Dalmatians
Jurassic Park
The Sound of Music
How to Train Your Dragon
The Breakfast Club
 
Answer Stats
Answer % Correct
Minions
95%
Wall•E
88%
Cinderella
83%
Shrek
81%
Aladdin
80%
The Lion King
72%
101 Dalmatians
70%
Monsters, Inc.
70%
Spider-man: Into the Spider-Verse
69%
How to Train Your Dragon
67%
The Nightmare Before Christmas
67%
Sausage Party
64%
Spirited Away
64%
Chicken Run
61%
An American Tail
37%
No matching quizzes found
Score Distribution
Percent of People with Each Score
Percentile by Number Answered
Your Score History
You have not taken this quiz